Let's face the issues. (Record no. 12583)

000 -LEADER
fixed length control field 00533nam a2200181 a 4500
001 - CONTROL NUMBER
control field :::00010390$&:&@@
003 - CONTROL NUMBER IDENTIFIER
control field OkBaRHE
005 - DATE AND TIME OF LATEST TRANSACTION
control field 20000607103358.0
008 - FIXED-LENGTH DATA ELEMENTS--GENERAL INFORMATION
fixed length control field s1980 j 000 0 eng u
040 ## - CATALOGING SOURCE
Transcribing agency
100 1# - MAIN ENTRY--PERSONAL NAME
Personal name De Haan, Richard W.
245 10 - TITLE STATEMENT
Title Let's face the issues.
260 ## - PUBLICATION, DISTRIBUTION, ETC. (IMPRINT)
Place of publication, distribution, etc Grand Rapids, MI., :
Name of publisher, distributor, etc Radio Bible Class
Date of publication, distribution, etc c1980
300 ## - PHYSICAL DESCRIPTION
Extent 30 p. ;
Dimensions 16 cm.
650 ## - SUBJECT ADDED ENTRY--TOPICAL TERM
Topical term or geographic name as entry element Christian Life
942 ## - ADDED ENTRY ELEMENTS (KOHA)
Source of classification or shelving scheme
Koha item type Books
Copies
Damaged status Not for loan Withdrawn status Full call number Barcode Date last seen Date acquired Permanent Location Koha item type Shelving location Source of classification or shelving scheme Lost status Copy number Price effective from
   BV 4501 .D4103902010-04-142010-04-14RHEMA Bible Training CollegeBooksGeneral Stacks  12010-04-14